Том 15; Сборник трудов Всесоюзного научно-исследовательского института гидролизной и сульфитно-спиртовой промышленности (ВНИИГС)

Detalles Bibliográficos
Parent link:Сборник трудов Всесоюзного научно-исследовательского института гидролизной и сульфитно-спиртовой промышленности (ВНИИГС)/ Всесоюзный научно-исследовательский институт гидролизной и сульфитно-спиртовой промышленности (ВНИИГС). Том 15.— , 1965-1967
Otros Autores: Цирлин Ю. А. (редактор)
Lenguaje:ruso
Publicado: 1966
Materias:
Formato: MixedMaterials Libro
KOHA link:https://koha.lib.tpu.ru/cgi-bin/koha/opac-detail.pl?biblionumber=195558

MARC

LEADER 00000nam2a2200000 4500
001 195558
005 20231031182853.0
035 |a (RuTPU)RU\TPU\book\213363 
035 |a RU\TPU\book\212352 
090 |a 195558 
100 |a 20110512d1966 k y0rusy50 ca 
101 0 |a rus 
102 |a RU 
105 |a a z 001zy 
200 0 |a Том 15  |f под ред. Ю. А. Цирлина 
210 |d 1966 
215 |a 307 с.  |c ил. 
320 |a Библиогр. в конце ст. 
320 |a Содержание сборника трудов ВНИИГС, том 14: с. 305-307. 
320 |a Аннотации статей, помещенных в сборнике трудов ВНИИГС, т. 15 (на английском языке): с. 291-299. 
461 1 |0 (RuTPU)RU\TPU\book\213269  |t Сборник трудов Всесоюзного научно-исследовательского института гидролизной и сульфитно-спиртовой промышленности (ВНИИГС)  |f Всесоюзный научно-исследовательский институт гидролизной и сульфитно-спиртовой промышленности (ВНИИГС)  |v Том 15  |d 1965-1967 
610 1 |a растительные отходы 
610 1 |a гидролиз 
610 1 |a технология 
610 1 |a полисахариды 
610 1 |a сульфитный щелок 
610 1 |a фурфурол 
610 1 |a гидролизное производство 
610 1 |a дрожжевое производство 
610 1 |a фурфурольное производство 
610 1 |a целлюлоза 
610 1 |a лигнины 
610 1 |a глюкоза 
610 1 |a очистка 
610 1 |a сточные воды 
675 |a 630.8  |v 3 
702 1 |a Цирлин  |b Ю. А.  |4 340 
801 1 |a RU  |b 63413507  |c 20110411 
801 2 |a RU  |b 63413507  |c 20131002  |g RCR 
942 |c BK